00932cam a22002771 4500952015000000999001700150001000800167003000400175005001700179007000700196008004100203010001700244040001800261050001700279082001800296100003400314245003600348260003500384300002700419490005500446504002700501650001700528650002200545906004500567942004200612 00102ddc40708BOTANYaMESbMEScBOTANYd2022-11-08g500.00l1m1o582.13 EAM/Mp41689r2023-11-27 14:00:24s2023-11-07w2022-11-08yBKzGL19R4 c41757d417572639114OSt20221108123832.0582.13730828s1961 nyua b 000 0 eng  a 60015757  aDLCcDLCdDLC00aQK643.A5bE200a582.13bEAM/M1 aEames, Arthur Johnson,d1881-10aMorphology of the angiosperms / aNew York,bMcGraw-Hill,c1961. a518 p.billus.c24 cm.0 aMcGraw-Hill publications in the botanical sciences aIncludes bibliography. 0aAngiosperms. 0aPlant morphology. a7bcbccorignewdueocipf19gy-gencatlg 2ddccBKh582.13iEAM/Mk582.13mEAM/M